| 000 | 00830nam a2200253 a 4500 | ||
|---|---|---|---|
| 001 | BRCA_858 | ||
| 005 | 20190320203200.0 | ||
| 008 | 840201s1984 nyua---##b---#001-0#eng-# | ||
| 020 | _a050023387X | ||
| 040 |
_aDLC _cDLC _dDLC |
||
| 050 | 4 |
_aNK5198.G2 _b.D86 1984 |
|
| 100 | 1 |
_aDuncan, Alastair _d1942- _92285 |
|
| 245 | 1 | 0 |
_aGlass by Gallé _cAlastair Duncan, Georges de Bartha. |
| 260 |
_aLondres _bThames and Hudson _c1984 |
||
| 300 |
_a223 p. _bil. (algunas a color) _c29 cm. |
||
| 500 | _aIncluye índice de ilustraciones | ||
| 504 | _aBibliografía : p. 219-220 | ||
| 600 | 1 | 4 |
_aGallé, Emile _d1846-1904 _92860 |
| 650 | 1 | 4 |
_aCristalería _xHistoria _ySiglo XIX _zFrancia _92861 |
| 650 | 1 | 4 |
_aDecoración y ornamentación _xArt Nouveau _zFrancia _92862 |
| 653 | 0 | _aVidrio | |
| 700 | 1 |
_aBartha, Georges de _92289 |
|
| 942 |
_2lcc _cB |
||
| 999 |
_c753 _d753 |
||